000
00228nam a2200097Ia 4500
008
240331s9999 xx 000 0 und d
082
_b
VAL
100
_a
Valarmathi,M.M
245
0
_a
Suyamariyathai iyakka veeranganaigal
942
_c
L
999
_c
4751
_d
4751